[Event "167th YMCA Spring A"]
[Site "Warsaw"]
[Date "2016.06.23"]
[Round "13"]
[White "Piotrowski, Arkadiusz"]
[Black "Praczukowski, Stanislaw"]
[Result "0-1"]
[WhiteElo "2006"]
[BlackElo "2073"]
[PlyCount "74"]
[EventDate "2016.04.07"]
[EventType "tourn"]
[EventRounds "1"]
[SourceDate "2016.04.07"]

1. e4 e6 2. d4 d5 3. e5 c5 4. c3 Nc6 5. Nf3 Qb6 6. Be2 cxd4 7. cxd4 Nh6 8. Nc3
Nf5 9. Na4 Bb4+ 10. Bd2 Qa5 11. Bc3 b5 12. a3 Bxc3+ 13. Nxc3 b4 14. axb4 Qxb4
15. Bb5 Bd7 16. Bxc6 Bxc6 17. Qd2 O-O 18. O-O Rfb8 19. Rfb1 a5 20. g4 Ne7 21.
h4 a4 22. Ra3 Qc4 23. Qe3 Rb4 24. Na2 Rb3 25. Rxb3 axb3 26. Nc3 h5 27. Nd2 Qb4
28. f3 Ng6 29. gxh5 Nxh4 30. Ne2 Qxd2 31. Qxd2 Nxf3+ 32. Kf2 Nxd2 33. Rd1 Nc4
34. Rd3 Ra2 35. Rxb3 Rxb2 36. Rg3 Nd2 37. Ke1 Ne4 0-1

[Event "167th YMCA Spring A"]
[Site "Warsaw"]
[Date "2016.06.22"]
[Round "13"]
[White "Bajkowski, Marcin"]
[Black "Choroszej, Aleksander"]
[Result "1/2-1/2"]
[WhiteElo "1910"]
[BlackElo "1959"]
[PlyCount "70"]
[EventDate "2016.04.07"]
[EventType "tourn"]
[EventRounds "1"]
[SourceDate "2016.04.07"]

1. e4 g6 2. Nf3 Bg7 3. Bc4 d6 4. O-O Nf6 5. Nc3 O-O 6. h3 Nxe4 7. Nxe4 d5 8.
Bb3 dxe4 9. Ng5 b6 10. d3 Bb7 11. dxe4 Nc6 12. Qf3 e6 13. c3 h6 14. Nxf7 Qe7
15. Qg4 Kxf7 16. f4 Na5 17. f5 Nxb3 18. Qxg6+ Kg8 19. axb3 Bxe4 20. Bxh6 Bxf5
21. Qg3 a5 22. Rae1 Qf7 23. Rxe6 Bxe6 24. Rxf7 Rxf7 25. Bf4 Rc8 26. h4 Bf5 27.
Qg5 Bh7 28. Be5 Kh8 29. h5 Bxe5 30. Qxe5+ Kg8 31. g4 Rcf8 32. Qe6 Kh8 33. Qe5+
Kg8 34. Qe6 Kh8 35. Qe5+ Kg8 1/2-1/2